[Event "MrDodgy Inv 3 Finals"]
[Site "chess24.com INT"]
[Date "2022.11.28"]
[Round "1.7"]
[White "Shevchenko, Kirill"]
[Black "Supi, Luis Paulo"]
[Result "1-0"]
[WhiteTitle "GM"]
[BlackTitle "GM"]
[WhiteElo "2649"]
[BlackElo "2612"]
[WhiteFideId "14129574"]
[BlackFideId "2106388"]
[EventDate "2022.11.27"]
[EventType "k.o."]

1. e4 c5 2. Nf3 d6 3. d4 cxd4 4. Nxd4 Nf6 5. Nc3 a6 6. Bg5 Nbd7 7. Qe2 h6 8. Bh4
g6 9. f4 e5 10. fxe5 dxe5 11. O-O-O Bg7 12. Nb3 O-O 13. g4 b5 14. Nd5 a5 15. Qf3
g5 16. Bf2 a4 17. Nc5 Nxd5 18. Rxd5 Qf6 19. Qf5 a3 20. b3 Nxc5 21. Qxf6 Bxf6 22.
Bxc5 Rd8 23. Rxd8+ Bxd8 24. Bxb5 Bxg4 25. Rf1 Be6 26. c4 g4 27. Kc2 h5 28. Bd6
Bg5 29. Bxe5 h4 30. c5 Rd8 31. Rd1 Rxd1 32. Kxd1 f5 33. exf5 Bxf5 34. c6 g3 35.
hxg3 h3 36. Bc4+ Kf8 37. Bd5 h2 38. g4 Bxg4+ 39. Kc2 Be6 40. c7 Bxd5 41. c8=Q+
Kf7 42. Qf5+ Ke8 43. Qg6+ Bf7 44. Qc6+ Ke7 45. Bxh2 1-0

[Event "MrDodgy Inv 3 Finals"]
[Site "chess24.com INT"]
[Date "2022.11.28"]
[Round "1.8"]
[White "Supi, Luis Paulo"]
[Black "Shevchenko, Kirill"]
[Result "1-0"]
[WhiteTitle "GM"]
[BlackTitle "GM"]
[WhiteElo "2612"]
[BlackElo "2649"]
[WhiteFideId "2106388"]
[BlackFideId "14129574"]
[EventDate "2022.11.27"]
[EventType "k.o."]

1. c4 Nf6 2. g3 g6 3. b3 Bg7 4. Bb2 d6 5. Bg2 O-O 6. Nc3 e5 7. Nf3 c5 8. O-O Nc6
9. d3 Re8 10. e3 h6 11. Nd2 Rb8 12. Nd5 Nxd5 13. cxd5 Nb4 14. Qe2 b5 15. a3 Na6
16. a4 Bd7 17. axb5 Bxb5 18. Nc4 Qd7 19. f4 Nb4 20. fxe5 Bxc4 21. bxc4 Bxe5 22.
Bxe5 Rxe5 23. h4 a6 24. Rf3 Rbe8 25. Raf1 R8e7 26. Qd2 a5 27. d4 cxd4 28. exd4
Re4 29. Qxh6 Rxd4 30. h5 Qg4 31. Re3 Rde4 32. Rxe4 Rxe4 33. hxg6 1-0

[Event "MrDodgy Inv 3 Finals"]
[Site "chess24.com INT"]
[Date "2022.11.28"]
[Round "1.9"]
[White "Shevchenko, Kirill"]
[Black "Supi, Luis Paulo"]
[Result "1-0"]
[WhiteTitle "GM"]
[BlackTitle "GM"]
[WhiteElo "2649"]
[BlackElo "2612"]
[WhiteFideId "14129574"]
[BlackFideId "2106388"]
[EventDate "2022.11.27"]
[EventType "k.o."]

1. e4 c5 2. Nf3 d6 3. d4 cxd4 4. Nxd4 Nf6 5. Nc3 Nc6 6. Bg5 e6 7. Qd3 Bd7 8.
Ndb5 Nb4 9. Qd1 Qb8 10. Bf4 e5 11. Bg5 a6 12. Bxf6 gxf6 13. Na3 b5 14. Nab1 Bg7
15. a3 Nc6 16. Bd3 Ne7 17. Nd2 h5 18. Nf1 d5 19. Ng3 d4 20. Nd5 h4 21. Nh5 Nxd5
22. exd5 Kf8 23. Qf3 Qd6 24. g4 h3 25. O-O-O b4 26. axb4 Rb8 27. Nxg7 Kxg7 28.
g5 fxg5 29. Rhg1 f6 30. Qe4 Kf8 31. f4 Rh4 32. Qg6 Be8 33. Qf5 Bd7 34. fxe5 Bxf5
35. exd6 Bxd3 36. Rxd3 Rd8 37. Rgd1 Rxd6 38. Rxd4 g4 39. c4 f5 40. c5 Rd8 41. c6
Rh7 42. d6 g3 43. hxg3 h2 44. Rh1 Re8 45. d7 1-0

[Event "MrDodgy Inv 3 Finals"]
[Site "chess24.com INT"]
[Date "2022.11.28"]
[Round "1.10"]
[White "Supi, Luis Paulo"]
[Black "Shevchenko, Kirill"]
[Result "1/2-1/2"]
[WhiteTitle "GM"]
[BlackTitle "GM"]
[WhiteElo "2612"]
[BlackElo "2649"]
[WhiteFideId "2106388"]
[BlackFideId "14129574"]
[EventDate "2022.11.27"]
[EventType "k.o."]

1. c4 Nf6 2. g3 e5 3. Bg2 Bc5 4. d3 O-O 5. Nf3 Re8 6. O-O Nc6 7. Nc3 d5 8. cxd5
Nxd5 9. Bg5 f6 10. Nxd5 Qxd5 11. Bd2 Qd6 12. Bc3 Be6 13. Nd2 Bb6 14. Qa4 Bd5 15.
Bxd5+ Qxd5 16. Qc4 Rad8 17. Rfe1 Qxc4 18. Nxc4 e4 19. Nxb6 axb6 20. dxe4 Rxe4
21. f3 Rc4 22. Rad1 Kf7 23. Kf2 b5 24. a3 Ke6 25. e4 Ra8 26. Rd2 Rd8 27. Red1
Rxd2+ 28. Rxd2 b4 29. axb4 Nxb4 30. Rd4 Rxd4 31. Bxd4 c5 32. Bc3 Nc6 33. Ke3 b5
34. f4 h5 35. h3 b4 36. Bd2 c4 37. g4 hxg4 38. hxg4 Kd6 39. Be1 Kc5 40. g5 fxg5
41. fxg5 Ne5 42. Bg3 Ng4+ 43. Kf3 c3 44. b3 Kd4 45. Kxg4 Kxe4 46. g6 c2 47. Bf4
Kd3 48. Kf5 Kc3 49. Ke6 Kxb3 50. Kf7 Kc3 51. Kxg7 b3 52. Kf7 b2 53. g7 b1=Q 54.
g8=Q Qb3+ 55. Kg7 Qb7+ 56. Qf7 Qg2+ 57. Qg6 Qb7+ 58. Qf7 Qc6 59. Qf6+ Qxf6+ 60.
Kxf6 Kd3 61. Ke5 Kc4 62. Bc1 1/2-1/2

[Event "MrDodgy Inv 3 Finals"]
[Site "chess24.com INT"]
[Date "2022.11.28"]
[Round "1.11"]
[White "Shevchenko, Kirill"]
[Black "Supi, Luis Paulo"]
[Result "1-0"]
[WhiteTitle "GM"]
[BlackTitle "GM"]
[WhiteElo "2649"]
[BlackElo "2612"]
[WhiteFideId "14129574"]
[BlackFideId "2106388"]
[EventDate "2022.11.27"]
[EventType "k.o."]

1. e4 c5 2. Nf3 d6 3. d4 cxd4 4. Nxd4 Nf6 5. Nc3 Nc6 6. Bg5 e6 7. Qd3 Bd7 8.
Ndb5 Nb4 9. Qd1 Qb8 10. Bf4 e5 11. Bg5 a6 12. Bxf6 gxf6 13. Na3 b5 14. Be2 Bg7
15. Bg4 Be6 16. O-O O-O 17. Qf3 Nc6 18. Nd5 Bxd5 19. exd5 Ne7 20. c3 b4 21. Nc4
bxc3 22. bxc3 Qc7 23. Ne3 Bh6 24. Nf5 Nxf5 25. Bxf5 Kg7 26. Qg3+ Kh8 27. Qh3 Kg7
28. Rfe1 Rh8 29. Qg3+ Kf8 30. Re4 Ke7 31. Qd3 Rab8 32. g3 Rb2 33. Rc4 Qa7 34.
Rf1 Rhb8 35. Rc6 Rxa2 36. Qc4 1-0

[Event "MrDodgy Inv 3 Finals"]
[Site "chess24.com INT"]
[Date "2022.11.28"]
[Round "1.12"]
[White "Supi, Luis Paulo"]
[Black "Shevchenko, Kirill"]
[Result "1-0"]
[WhiteTitle "GM"]
[BlackTitle "GM"]
[WhiteElo "2612"]
[BlackElo "2649"]
[WhiteFideId "2106388"]
[BlackFideId "14129574"]
[EventDate "2022.11.27"]
[EventType "k.o."]

1. c4 g6 2. g3 Bg7 3. Bg2 d6 4. Nc3 Nf6 5. d3 O-O 6. e4 c5 7. Nge2 Nc6 8. O-O a6
9. a3 Rb8 10. Rb1 b5 11. cxb5 axb5 12. b4 cxb4 13. axb4 Be6 14. Nd5 Qd7 15. Nef4
Bxd5 16. exd5 Ne5 17. Be3 Rfc8 18. Bh3 Qb7 19. Bxc8 Rxc8 20. d4 Nc4 21. Qf3 g5
22. Nh5 Nxh5 23. Qxh5 Qxd5 24. Qxg5 Qxg5 25. Bxg5 Bxd4 26. Bxe7 Nd2 27. Rbc1 Re8
28. Rfd1 Bb2 29. Rc7 Nc4 30. Rd5 Ne5 31. Bxd6 Nf3+ 32. Kg2 Ne1+ 33. Kf1 Nf3 34.
Kg2 Ne1+ 35. Kh3 Nf3 36. Rf5 Nd4 37. Rg5+ 1-0

[Event "MrDodgy Inv 3 Finals"]
[Site "chess24.com INT"]
[Date "2022.11.28"]
[Round "1.13"]
[White "Shevchenko, Kirill"]
[Black "Supi, Luis Paulo"]
[Result "1-0"]
[WhiteTitle "GM"]
[BlackTitle "GM"]
[WhiteElo "2649"]
[BlackElo "2612"]
[WhiteFideId "14129574"]
[BlackFideId "2106388"]
[EventDate "2022.11.27"]
[EventType "k.o."]

1. e4 c5 2. Nf3 e6 3. d4 cxd4 4. Nxd4 a6 5. Nc3 Qc7 6. Be3 Nf6 7. Qf3 b5 8. e5
Bb7 9. Qg3 Nh5 10. Qg5 g6 11. O-O-O h6 12. Qg4 Nc6 13. Nxc6 Bxc6 14. Ne4 Rc8 15.
Nd6+ Bxd6 16. exd6 Qa5 17. Qd4 f6 18. Be2 Kf7 19. a3 Ng7 20. Bd3 Nf5 21. Qf4 g5
22. Qg4 h5 23. Qe2 Qa4 24. Bxf5 exf5 25. Rd4 Qa5 26. Bd2 Qb6 27. Bc3 Rce8 28.
Qd3 Qc5 29. h4 g4 30. Rf4 Re4 31. Rxe4 Bxe4 32. Qd2 Qd5 33. Qf4 Qa2 34. Re1 b4
35. axb4 Re8 36. f3 gxf3 37. gxf3 Bc6 38. Rxe8 Kxe8 39. Qxf5 Qa1+ 40. Kd2 Qh1
41. Qg6+ Kd8 42. Qg8# 1-0

[Event "MrDodgy Inv 3 Finals"]
[Site "chess24.com INT"]
[Date "2022.11.28"]
[Round "1.1"]
[White "Tang, Andrew"]
[Black "Grischuk, Alexander"]
[Result "0-1"]
[WhiteTitle "GM"]
[BlackTitle "GM"]
[WhiteElo "2539"]
[BlackElo "2745"]
[WhiteFideId "2059630"]
[BlackFideId "4126025"]
[EventDate "2022.11.27"]
[EventType "k.o."]

1. d4 g6 2. c4 Bg7 3. Nc3 Nf6 4. e4 d6 5. Nge2 O-O 6. f3 a6 7. Be3 Nbd7 8. Qd2
b5 9. Ng3 b4 10. Na4 c5 11. Rd1 cxd4 12. Bxd4 a5 13. Be2 Bb7 14. O-O Bc6 15. Qc2
Qc7 16. Rfe1 Rac8 17. Nf1 e6 18. Bf2 d5 19. cxd5 exd5 20. Ba6 Bxa4 21. Qxa4 Nc5
22. Bxc5 Qxc5+ 23. Kh1 Rcd8 24. e5 Nh5 25. Rc1 Qd4 26. Qxa5 Bxe5 27. Rcd1 Qxb2
28. Rxd5 Rxd5 29. Qxd5 Bc3 30. Re7 Nf4 31. Qg5 Bf6 32. Qxf4 Bxe7 33. Bc4 Bc5 34.
h4 Qd4 35. Qxd4 Bxd4 36. Ng3 Rc8 37. Bb3 Rc1+ 38. Kh2 Be5 39. Kh3 Bxg3 40. Kxg3
Kg7 41. Kf4 h5 42. g3 Kf6 43. Bd5 Rd1 44. Bb3 Rd4+ 45. Ke3 Rd8 46. Kf4 Ke7 47.
Ke4 Rd6 48. Kf4 f6 49. Ke4 Rd8 50. Kf4 Rd4+ 51. Ke3 Rd6 52. Kf4 Rc6 53. Ke4 Rc5
54. Kf4 g5+ 55. hxg5 fxg5+ 56. Ke3 Kf6 57. f4 g4 58. Kf2 Rc3 59. Kg2 Rd3 60. Kh2
Rd2+ 61. Kg1 Kf5 62. Bc4 h4 63. gxh4 Kxf4 64. h5 Kg3 65. h6 Rd1+ 66. Bf1 Rd7 67.
Be2 Rh7 0-1

[Event "MrDodgy Inv 3 Finals"]
[Site "chess24.com INT"]
[Date "2022.11.28"]
[Round "1.2"]
[White "Grischuk, Alexander"]
[Black "Tang, Andrew"]
[Result "0-1"]
[WhiteTitle "GM"]
[BlackTitle "GM"]
[WhiteElo "2745"]
[BlackElo "2539"]
[WhiteFideId "4126025"]
[BlackFideId "2059630"]
[EventDate "2022.11.27"]
[EventType "k.o."]

1. e4 e5 2. Nf3 Nc6 3. Bb5 g6 4. c3 a6 5. Bxc6 dxc6 6. d4 exd4 7. cxd4 Bg7 8. h3
Ne7 9. Nc3 O-O 10. O-O h6 11. Bf4 g5 12. Be5 g4 13. Bxg7 Kxg7 14. Nh2 gxh3 15.
g4 Qd6 16. Kh1 Rd8 17. Qf3 Ng6 18. Ne2 Qf6 19. Qe3 c5 20. d5 c6 21. Rad1 cxd5
22. Ng3 Kh7 23. Nh5 Qg5 24. f4 Qe7 25. e5 d4 26. Nf6+ Kg7 27. Qxh3 b5 28. Kg1
Bb7 29. Nf3 c4 30. Nh4 Nxh4 31. Qxh4 Qc5 32. Nh5+ Kf8 33. Qf6 d3+ 34. Kh2 Ke8
35. e6 Qe7 36. exf7+ Kd7 37. Qf5+ Kc7 38. Rfe1 Qh4+ 39. Kg1 Qh1+ 40. Kf2 Qh2+
41. Ke3 Qxb2 42. Nf6 Qd4+ 43. Kd2 Qb2+ 44. Ke3 Qd4+ 45. Kd2 Qf2+ 46. Kc3 Qc2+
47. Kb4 Qb2+ 48. Ka5 Qa3# 0-1

[Event "MrDodgy Inv 3 Finals"]
[Site "chess24.com INT"]
[Date "2022.11.28"]
[Round "1.3"]
[White "Tang, Andrew"]
[Black "Grischuk, Alexander"]
[Result "1/2-1/2"]
[WhiteTitle "GM"]
[BlackTitle "GM"]
[WhiteElo "2539"]
[BlackElo "2745"]
[WhiteFideId "2059630"]
[BlackFideId "4126025"]
[EventDate "2022.11.27"]
[EventType "k.o."]

1. d4 g6 2. Nf3 Bg7 3. Bf4 Nf6 4. e3 O-O 5. Be2 c5 6. c3 d6 7. h3 Qb6 8. Qc1 Nc6
9. O-O Be6 10. Na3 Rac8 11. Ng5 cxd4 12. Nxe6 fxe6 13. Nc4 Qd8 14. exd4 b5 15.
Ne3 Nxd4 16. Bd3 b4 17. Qd2 bxc3 18. bxc3 Nf5 19. Rac1 Qd7 20. Rfe1 Nxe3 21.
Bxe3 Nd5 22. c4 Nxe3 23. Qxe3 Rc5 24. Qxe6+ Qxe6 25. Rxe6 Kf7 26. Re2 Rb8 27. g3
a5 28. Be4 e6 29. Rd1 Rb6 30. Bc2 g5 31. Bxh7 Rxc4 32. Rxe6 Rd4 33. Rde1 Be5 34.
Rg6 Rb2 35. Rxg5 Rdd2 36. Rf1 Bd4 37. Bg8+ Kf6 38. h4 Rxf2 39. Rxf2+ Rxf2 40.
Kh1 Be5 41. Rg4 Kf5 42. Rg5+ Kf6 43. Rg4 Kf5 44. Rg5+ Kf6 1/2-1/2

[Event "MrDodgy Inv 3 Finals"]
[Site "chess24.com INT"]
[Date "2022.11.28"]
[Round "1.4"]
[White "Grischuk, Alexander"]
[Black "Tang, Andrew"]
[Result "1-0"]
[WhiteTitle "GM"]
[BlackTitle "GM"]
[WhiteElo "2745"]
[BlackElo "2539"]
[WhiteFideId "4126025"]
[BlackFideId "2059630"]
[EventDate "2022.11.27"]
[EventType "k.o."]

1. e4 e5 2. Nf3 Nc6 3. Bb5 a6 4. Ba4 Nf6 5. O-O Be7 6. Re1 b5 7. Bb3 d6 8. c3
O-O 9. h3 Bb7 10. d4 Re8 11. Nbd2 Bf8 12. a4 h6 13. Bc2 exd4 14. cxd4 Nb4 15.
Bb1 c5 16. d5 Nd7 17. Ra3 c4 18. Nd4 Qf6 19. N2f3 Nc5 20. b3 Nbd3 21. Bxd3 cxd3
22. axb5 Nxe4 23. bxa6 Rxa6 24. Qxd3 Rxa3 25. Bxa3 Bxd5 26. Qb5 Re5 27. Re3 Be6
28. Qb8 Ra5 29. Bb2 Nc5 30. Nxe6 1-0

[Event "MrDodgy Inv 3 Finals"]
[Site "chess24.com INT"]
[Date "2022.11.28"]
[Round "1.5"]
[White "Tang, Andrew"]
[Black "Grischuk, Alexander"]
[Result "1-0"]
[WhiteTitle "GM"]
[BlackTitle "GM"]
[WhiteElo "2539"]
[BlackElo "2745"]
[WhiteFideId "2059630"]
[BlackFideId "4126025"]
[EventDate "2022.11.27"]
[EventType "k.o."]

1. d4 g6 2. c4 Bg7 3. Nc3 Nf6 4. e4 d6 5. Nge2 O-O 6. Ng3 a5 7. Be2 Na6 8. Bg5
h6 9. Be3 e5 10. d5 Nc5 11. Qd2 h5 12. Bg5 Qe8 13. O-O Bd7 14. Rae1 Nh7 15. Be3
Qe7 16. Bd1 Bf6 17. Nge2 Bg5 18. f4 exf4 19. Nxf4 Rae8 20. Bxc5 dxc5 21. e5 Bf5
22. Bc2 Bxc2 23. Qxc2 Bxf4 24. Rxf4 Qg5 25. Rfe4 Qf5 26. Qd2 Re7 27. h4 Rfe8 28.
Rf1 Qd7 29. Qf4 Qg4 30. Qe3 Qd7 31. Qg3 b6 32. e6 fxe6 33. Qxg6+ Rg7 34. Qxh5 e5
35. Rxe5 Rf8 36. Ref5 Rxf5 37. Qxf5 Qxf5 38. Rxf5 Rg4 39. b3 Nf8 40. Rg5+ Rxg5
41. hxg5 Kf7 42. Nb5 Ng6 43. Kf2 Ke7 44. Nxc7 Ne5 45. Ke3 Ng4+ 46. Kf4 Nf2 47.
Ke3 Ng4+ 48. Kf3 Ne5+ 49. Ke4 Ng4 50. Ne6 Nf2+ 51. Kf5 Nd3 52. g6 Ne1 53. g7
Nxg2 54. g8=Q Ne3+ 55. Ke5 1-0

[Event "MrDodgy Inv 3 Finals"]
[Site "chess24.com INT"]
[Date "2022.11.28"]
[Round "1.6"]
[White "Grischuk, Alexander"]
[Black "Tang, Andrew"]
[Result "1-0"]
[WhiteTitle "GM"]
[BlackTitle "GM"]
[WhiteElo "2745"]
[BlackElo "2539"]
[WhiteFideId "4126025"]
[BlackFideId "2059630"]
[EventDate "2022.11.27"]
[EventType "k.o."]

1. e4 e5 2. Nf3 Nc6 3. Bb5 a6 4. Ba4 Nf6 5. O-O Be7 6. Re1 b5 7. Bb3 d6 8. c3
O-O 9. h3 Bb7 10. d4 Re8 11. Nbd2 Bf8 12. a4 h6 13. Bc2 exd4 14. cxd4 Nb4 15.
Bb1 c5 16. d5 Nd7 17. Ra3 c4 18. Nd4 Qf6 19. N2f3 Nc5 20. b3 Nbd3 21. Bxd3 Nxd3
22. Re3 Rac8 23. axb5 axb5 24. Nxb5 Nxc1 25. bxc4 Rxc4 26. Nc3 Na2 27. Nxa2
Rcxe4 28. Rxe4 Rxe4 29. Qb1 Re7 30. Nc3 Bc8 31. Qd1 g6 32. Nb5 Bd7 33. Nbd4 Bg7
34. Ra7 Kh7 35. Nc6 Bxc6 36. Rxe7 Bxd5 37. Re3 Bc6 38. Rd3 d5 39. Nd4 Bd7 40.
Ne2 Be6 41. Nd4 Bd7 42. Qd2 h5 43. Nf3 Be6 44. Ng5+ Kg8 45. Nxe6 fxe6 46. Rf3
Qe7 47. g3 Kh7 48. h4 Qd7 49. Rd3 d4 50. Qe2 e5 51. Qe4 Qf5 52. f3 Qh3 53. f4
exf4 54. Qxf4 Qe6 55. Qf3 Qe5 56. Kg2 Bh6 57. Rd1 Be3 58. Rb1 Kh6 59. Qf8+ Qg7
60. Qxg7+ Kxg7 61. Kf3 Kf6 62. Ke4 1-0

[Event "MrDodgy Inv 3 Finals"]
[Site "chess24.com INT"]
[Date "2022.11.28"]
[Round "1.7"]
[White "Tang, Andrew"]
[Black "Grischuk, Alexander"]
[Result "0-1"]
[WhiteTitle "GM"]
[BlackTitle "GM"]
[WhiteElo "2539"]
[BlackElo "2745"]
[WhiteFideId "2059630"]
[BlackFideId "4126025"]
[EventDate "2022.11.27"]
[EventType "k.o."]

1. d4 g6 2. c4 Bg7 3. Nc3 Nf6 4. e4 d6 5. Nge2 O-O 6. Ng3 a5 7. Be2 Na6 8. O-O
h5 9. Bg5 Nh7 10. Be3 e5 11. d5 Bf6 12. a3 Bd7 13. Rb1 Nc5 14. b4 axb4 15. axb4
Na4 16. Nxa4 Bxa4 17. Qd2 Bd7 18. c5 h4 19. Nh1 Bg5 20. Rbc1 Ra3 21. Rc3 Bxe3
22. Qxe3 Rxc3 23. Qxc3 Qg5 24. f3 Ra8 25. Nf2 Nf6 26. c6 bxc6 27. dxc6 Nh5 28.
Re1 Nf4 29. Bf1 Bh3 30. Nxh3 Nxh3+ 31. Kh1 Nf2+ 32. Kg1 Nh3+ 33. Kh1 Nf4 34. b5
Ra2 35. Qe3 Rb2 36. Rc1 Ne6 37. Qc3 Rf2 38. b6 cxb6 39. c7 Nxc7 40. Qxc7 h3 41.
Qc8+ Kg7 42. g3 Qd2 43. Kg1 Rxh2 44. Rc2 Qxc2 45. Qxc2 Rxc2 46. Bxh3 Rc1+ 47.
Bf1 Rc3 48. Kf2 Rc5 49. Be2 b5 50. Ke3 b4 51. Bc4 Rxc4 52. f4 Rc3+ 0-1

[Event "MrDodgy Inv 3 Finals"]
[Site "chess24.com INT"]
[Date "2022.11.28"]
[Round "1.8"]
[White "Grischuk, Alexander"]
[Black "Tang, Andrew"]
[Result "1-0"]
[WhiteTitle "GM"]
[BlackTitle "GM"]
[WhiteElo "2745"]
[BlackElo "2539"]
[WhiteFideId "4126025"]
[BlackFideId "2059630"]
[EventDate "2022.11.27"]
[EventType "k.o."]

1. e4 e5 2. Nf3 Nc6 3. Bb5 a6 4. Ba4 Nf6 5. O-O Be7 6. Re1 b5 7. Bb3 d6 8. c3
O-O 9. h3 Bb7 10. d4 Re8 11. Nbd2 Bf8 12. a4 h6 13. Bc2 exd4 14. cxd4 Nb4 15.
Bb1 c5 16. d5 Nd7 17. Ra3 c4 18. Nd4 Qf6 19. N2f3 Nc5 20. b3 Nbd3 21. Bxd3 Nxd3
22. Re3 Rac8 23. axb5 axb5 24. Ra7 Ba8 25. bxc4 bxc4 26. Bd2 Re7 27. Rxe7 Qxe7
28. Bc3 g6 29. Qa1 Bb7 30. Nd2 Qh4 31. Rg3 Ra8 32. Qb1 Nc5 33. Nf5 Qd8 34. Ne3
Bc8 35. Nexc4 Qh4 36. Bd4 Bd7 37. Bxc5 dxc5 38. Re3 Bg7 39. e5 Bf5 40. Qe1 Qd4
41. Qe2 Qxd5 42. Nf1 Ra1 43. Nd2 Be6 44. Rd3 Qxe5 45. Re3 Qb2 46. Qd3 Bd4 47.
Rxe6 fxe6 48. Qxg6+ Kf8 49. Qxh6+ Ke7 50. Qg5+ Kd7 51. Qf4 Qc2 52. g3 Qf5 53.
Qxf5 exf5 54. Kg2 Ra4 55. Nb3 Kc6 56. Nfd2 Kd5 57. Nf3 Bc3 58. Nxc5 Kxc5 59. Ng5
Kd5 60. Nf3 Bd4 61. Nh4 Ra2 62. Kf1 Rxf2+ 63. Ke1 Re2+ 64. Kxe2 Be5 65. Kf1 Bxg3
66. Nxf5 1-0

[Event "MrDodgy Inv 3 Finals"]
[Site "chess24.com INT"]
[Date "2022.11.28"]
[Round "1.9"]
[White "Tang, Andrew"]
[Black "Grischuk, Alexander"]
[Result "1-0"]
[WhiteTitle "GM"]
[BlackTitle "GM"]
[WhiteElo "2539"]
[BlackElo "2745"]
[WhiteFideId "2059630"]
[BlackFideId "4126025"]
[EventDate "2022.11.27"]
[EventType "k.o."]

1. d4 g6 2. Nf3 Bg7 3. e4 d6 4. Nbd2 Nf6 5. Bd3 O-O 6. O-O c5 7. c3 cxd4 8. cxd4
e5 9. d5 a5 10. Nc4 b5 11. Na3 Ba6 12. b4 axb4 13. Nc2 Nbd7 14. Nxb4 Nc5 15. Bg5
Qa5 16. Bxf6 Bxf6 17. a3 Bc8 18. Qe2 Bd7 19. Rfb1 Rfc8 20. h3 Kg7 21. Nd2 Na4
22. Nb3 Qa7 23. Qd2 h6 24. Nc6 Bxc6 25. dxc6 Rxc6 26. Bxb5 Rb6 27. Bc4 Rab8 28.
Qc2 Qc7 29. Qd3 Bg5 30. g3 Rc6 31. Bd5 Rc3 32. Qa6 Nc5 33. Nxc5 Rxb1+ 34. Rxb1
Qxc5 35. Kg2 Rc2 36. Rf1 Be3 37. Qb7 Qa7 38. Qxa7 Bxa7 39. g4 h5 40. Kg3 h4+ 41.
Kf3 Kf6 42. g5+ Kxg5 43. Bxf7 Rc3+ 44. Kg2 Rxa3 45. Rd1 Bc5 46. Rd2 Kf6 47. Be8
Rc3 48. Ra2 Ra3 49. Rb2 Bd4 50. Rb7 Ra2 51. Rf7+ Kg5 52. Rf3 Re2 53. Bc6 Rd2 54.
Kf1 Rc2 55. Be8 Rc1+ 56. Ke2 Rc2+ 57. Ke1 Rc1+ 58. Kd2 Ra1 59. Rf8 Ra2+ 60. Ke1
Ra1+ 61. Ke2 Ra2+ 62. Kf1 Ra1+ 63. Kg2 Ra2 64. Bc6 Rc2 65. Bd5 Rb2 66. Be6 Rd2
67. Bg4 Rc2 68. Kf1 Rd2 69. Ke1 Rb2 70. f3 Rb1+ 71. Kd2 Rb2+ 72. Kd3 Rb3+ 73.
Kc4 Rc3+ 74. Kd5 1-0

[Event "MrDodgy Inv 3 Finals"]
[Site "chess24.com INT"]
[Date "2022.11.28"]
[Round "1.10"]
[White "Grischuk, Alexander"]
[Black "Tang, Andrew"]
[Result "0-1"]
[WhiteTitle "GM"]
[BlackTitle "GM"]
[WhiteElo "2745"]
[BlackElo "2539"]
[WhiteFideId "4126025"]
[BlackFideId "2059630"]
[EventDate "2022.11.27"]
[EventType "k.o."]

1. e4 e5 2. Nf3 Nc6 3. Bb5 a6 4. Ba4 Nf6 5. O-O Be7 6. Re1 b5 7. Bb3 d6 8. c3
O-O 9. h3 Bb7 10. d4 Re8 11. Nbd2 Bf8 12. a4 h6 13. Bc2 exd4 14. cxd4 Nb4 15.
Bb1 c5 16. d5 Nd7 17. Ra3 c4 18. Nd4 Qf6 19. N2f3 Nc5 20. b3 Nbd3 21. Bxd3 Nxd3
22. Re3 b4 23. Ra1 Nc5 24. bxc4 Rxe4 25. a5 Rae8 26. Rb1 Qd8 27. Rxe4 Rxe4 28.
Bd2 Qxa5 29. Bxb4 Qc7 30. Qc2 Re8 31. Bxc5 dxc5 32. Nf5 Bc8 33. Rd1 a5 34. d6
Qd7 35. Rd5 g6 36. Ne3 Bb7 37. Rxc5 Bxf3 38. gxf3 Bxd6 39. Rd5 Qe6 40. Kg2 h5
41. Rxa5 Qf6 42. Qd2 Qf4 43. Nf1 Qf6 44. Rd5 Bf4 45. Qd3 Re6 46. c5 Kh7 47. Qd4
Be5 48. Qd2 Bf4 49. Qd4 Qe7 50. Rd7 Qg5+ 51. Ng3 Rf6 52. Rd5 Qh4 53. Rd8 Qg5 54.
h4 Qxh4 55. c6 Bxg3 56. Qxh4 Bxh4 57. c7 Rc6 58. c8=Q Rxc8 59. Rxc8 Bg5 60. Rc6
Kg7 61. Rc7 Bf4 62. Rb7 Be5 63. Rb5 Bf4 64. Rb3 Kf6 65. Rd3 Kf5 66. Rb3 f6 67.
Rb5+ Be5 68. Rb4 g5 69. Rb5 Kf4 70. Rb4+ Kf5 71. Rb5 h4 72. Rb4 Kg6 73. Rb5 Bf4
74. Rb6 Bd2 75. Ra6 Be1 76. Rc6 Bb4 77. Rc4 Bd6 78. Rc6 Bf4 79. Rc4 Kf5 80. Ra4
Be5 81. Ra5 Ke6 82. Rb5 Kf7 83. Rb6 Bf4 84. Rb7+ Kg6 85. Rb5 f5 86. Ra5 Kf6 87.
Ra6+ Ke5 88. Ra5+ Ke6 89. Ra4 Bd6 90. Ra6 Ke5 91. Ra5+ Ke6 92. Ra4 g4 93. Ra6
h3+ 94. Kh1 gxf3 95. Ra5 Kf6 96. Ra4 Bf4 97. Rc4 Kg5 98. Rc3 Kg4 99. Rd3 h2 100.
Rd4 Kg5 101. Rc4 Be5 102. Ra4 Bf4 103. Ra5 Bg3 104. Rb5 Bxf2 105. Rb3 Be3 106.
Rc3 Bf4 107. Rc1 Kg4 108. Rg1+ hxg1=Q+ 0-1

[Event "MrDodgy Inv 3 Finals"]
[Site "chess24.com INT"]
[Date "2022.11.28"]
[Round "1.11"]
[White "Tang, Andrew"]
[Black "Grischuk, Alexander"]
[Result "1/2-1/2"]
[WhiteTitle "GM"]
[BlackTitle "GM"]
[WhiteElo "2539"]
[BlackElo "2745"]
[WhiteFideId "2059630"]
[BlackFideId "4126025"]
[EventDate "2022.11.27"]
[EventType "k.o."]

1. d4 g6 2. Nf3 Bg7 3. Bg5 Nf6 4. Nbd2 d5 5. e3 O-O 6. Be2 c5 7. c3 cxd4 8. exd4
h6 9. Bf4 Qb6 10. Qb3 Qe6 11. Ne5 Nc6 12. O-O Nd7 13. Bg4 Qf6 14. Bxd7 Qxf4 15.
Nxc6 bxc6 16. Bxc6 Rb8 17. Qc2 Bf5 18. Qc1 Qd6 19. Ba4 e5 20. dxe5 Bxe5 21. h3
Rfc8 22. Bb3 a5 23. Nf3 Bf4 24. Qd1 Be4 25. Qe2 Qf6 26. Rad1 Re8 27. Rfe1 Kg7
28. Ba4 Bxf3 29. Qxf3 Rxe1+ 30. Rxe1 Rxb2 31. Bb3 Be5 32. Qxf6+ Kxf6 33. Bxd5
Bxc3 34. Rd1 Rd2 35. Rxd2 Bxd2 36. Kf1 h5 37. Ke2 Bb4 38. g3 Bc5 39. Bb3 Bb6 40.
a4 Bc5 41. f4 Bb4 42. Kf3 Bc5 43. g4 hxg4+ 44. hxg4 Bb4 1/2-1/2

[Event "MrDodgy Inv 3 Finals"]
[Site "chess24.com INT"]
[Date "2022.11.28"]
[Round "1.12"]
[White "Grischuk, Alexander"]
[Black "Tang, Andrew"]
[Result "0-1"]
[WhiteTitle "GM"]
[BlackTitle "GM"]
[WhiteElo "2745"]
[BlackElo "2539"]
[WhiteFideId "4126025"]
[BlackFideId "2059630"]
[EventDate "2022.11.27"]
[EventType "k.o."]

1. e4 e5 2. Nf3 Nc6 3. Bb5 a6 4. Ba4 Nf6 5. O-O Be7 6. Re1 b5 7. Bb3 d6 8. c3
O-O 9. h3 Bb7 10. d4 Re8 11. Ng5 Rf8 12. Nf3 Qd7 13. Nbd2 Rae8 14. Nf1 exd4 15.
cxd4 Na5 16. Bc2 d5 17. Ne5 Qd8 18. exd5 Bxd5 19. Ne3 Be6 20. a4 Bb4 21. Bd2
Qxd4 22. Nf3 Qc5 23. axb5 axb5 24. Rc1 Qd6 25. Bxb4 Qxb4 26. Qd4 Nc4 27. Nxc4
bxc4 28. Ng5 c5 29. Qh4 h6 30. Nxe6 Rxe6 31. Rxe6 fxe6 32. Bb1 Qxb2 33. Qxc4 Nd5
34. Rf1 Nf4 35. Qxc5 Qb7 36. f3 Qb2 37. Qf2 Qe5 38. Be4 Qg5 39. Kh2 Rd8 40. Rb1
Nxg2 41. f4 Nxf4 42. Rg1 Qe5 43. Qf3 Ne2+ 0-1